Notes on land agency. (Record no. 100516)
[ view plain ]
| 000 -LEADER | |
|---|---|
| fixed length control field | 00635cam a2200145 4500 |
| 001 - CONTROL NUMBER | |
| control field | J106081 |
| 008 - FIXED-LENGTH DATA ELEMENTS--GENERAL INFORMATION | |
| fixed length control field | 000000n1901 000 0 eng u |
| 035 ## - SYSTEM CONTROL NUMBER | |
| System control number | (Sirsi) u106081 |
| 100 ## - MAIN ENTRY--PERSONAL NAME | |
| Personal name | Spence, Richmond |
| 245 ## - TITLE STATEMENT | |
| Title | Notes on land agency. |
| 260 ## - PUBLICATION, DISTRIBUTION, ETC. | |
| Place of publication, distribution, etc. | The author |
| Date of publication, distribution, etc. | 1901 |
| 500 ## - GENERAL NOTE | |
| General note | Donated by D. W. Gibson FRICS |
| 520 ## - SUMMARY, ETC. | |
| Summary, etc. | A collection of typewritten and manuscript notes on geology, agricultural chemistry, agriculture, forestry, land drainage, trigonometry, land surveying, farm buildings, landlord and tenant law and book-keeping bound in a notebook signed and dated 1901. The author was a member of the RICS |
| 942 ## - ADDED ENTRY ELEMENTS (KOHA) | |
| Suppress in OPAC | 0 |
| Withdrawn status | Lost status | Source of classification or shelving scheme | Damaged status | Not for loan | Home library | Current library | Shelving location | Date acquired | Total Checkouts | Full call number | Barcode | Date last seen | Copy number | Price effective from | Koha item type |
|---|---|---|---|---|---|---|---|---|---|---|---|---|---|---|---|
| Dewey Decimal Classification | London | London | Basement | 23/05/2000 | SHELF 321 | 30061357 | 06/08/2019 | 1 | 06/08/2019 | Reference material |